[Event "EU-ch U18 Girls 25th"]
[Site "Porec"]
[Date "2015.09.25"]
[Round "5"]
[White "Manukyan, Mariam A"]
[Black "Roklicer, Heike"]
[Result "0-1"]
[WhiteElo "1762"]
[BlackElo "1973"]
[PlyCount "102"]
[EventDate "2015.09.21"]
[EventType "swiss"]
[EventRounds "9"]
[EventCountry "CRO"]
[SourceTitle "EXT 2016"]
[Source "ChessBase"]
[SourceDate "2015.10.08"]
[SourceVersion "1"]
[SourceVersionDate "2015.10.08"]
[SourceQuality "1"]

1. Nf3 d5 2. g3 c6 3. Bg2 Bg4 4. d3 e6 5. 0-0 Nf6 6. Nbd2 Be7 7. h3 Bh5 8. b3 Nbd7 9. Bb2 0-0 10. c4 a5 11. a3 Bc5 12. Ne5 Nxe5 13. Bxe5 Nd7 14. Bb2 f6 15. Nf3 Qb8 16. Qd2 Bxf3 17. exf3 dxc4 18. d4 c3 19. Bxc3 Bb6 20. f4 Rd8 21. Qe2 Nf8 22. Rad1 Rd6 23. Qc4 Kh8 24. Bf3 Qc7 25. Rfe1 Rad8 26. Kg2 Qd7 27. Bg4 Bc7 28. Qe2 Bb6 29. a4 f5 30. Bf3 Bxd4 31. Bxa5 b6 32. Bb4 c5 33. Ba3 h6 34. Bb2 Ng6 35. Bh5 Qb7+ 36. Bf3 Qd7 37. Bh5 Qb7+ 38. Bf3 Qf7 39. Bxd4 cxd4 40. Rd3 Qf6 41. Bh5 Nf8 42. Red1 Nd7 43. b4 e5 44. fxe5 Nxe5 45. R3d2 d3 46. Qf1 Qe6 47. f4 Nc4 48. Rxd3 Ne3+ 49. Rxe3 Qxe3 50. Re1 Rd2+ 51. Be2 Re8 0-1

[Event "EU-ch U18 Girls 24th"]
[Site "Batumi"]
[Date "2014.10.20"]
[Round "2"]
[White "Franca, Veronika"]
[Black "Manukyan, Mariam A"]
[Result "1/2-1/2"]
[WhiteElo "2006"]
[BlackElo "1761"]
[PlyCount "117"]
[EventDate "2014.10.19"]
[EventType "swiss"]
[EventRounds "9"]
[EventCountry "GEO"]
[SourceTitle "EXT 2015"]
[Source "ChessBase"]
[SourceDate "2014.11.20"]
[SourceVersion "1"]
[SourceVersionDate "2014.11.20"]
[SourceQuality "1"]

1. d4 d5 2. c4 c6 3. cxd5 cxd5 4. Nc3 Nf6 5. Nf3 Nc6 6. Bf4 Bg4 7. Ne5 Bh5 8. Qb3 Qb6 9. Qxb6 axb6 10. e3 e6 11. Bb5 Rc8 12. Nxc6 bxc6 13. Ba6 Rd8 14. Bc7 b5 15. Bxd8 Kxd8 16. a4 b4 17. Ne2 Kc7 18. Nf4 Bg6 19. Nxg6 hxg6 20. h3 Kb6 21. Bd3 Bd6 22. 0-0 g5 23. Rfc1 g4 24. a5+ Kc7 25. hxg4 Nxg4 26. Bb5 c5 27. dxc5 Bh2+ 28. Kf1 Be5 29. Rab1 Bxb2 30. Rd1 Bc3 31. a6 Rb8 32. Be2 Nf6 33. f3 Nd7 34. Kf2 Nxc5 35. Rdc1 Ra8 36. Rc2 e5 37. Ra2 d4 38. Bc4 Kb6 39. Bxf7 Rxa6 40. Rxa6+ Kxa6 41. exd4 exd4 42. Bc4+ Ka5 43. Ke2 Ka4 44. f4 b3 45. g4 b2 46. f5 Ka3 47. Rg1 Kb4 48. Bd3 Nb3 49. Bb1 Nc1+ 50. Kf3 d3 51. g5 d2 52. f6 gxf6 53. g6 f5 54. Bxf5 Nb3 55. Bb1 Nd4+ 56. Ke4 Nb5 57. Kd3 Kb3 58. g7 Bxg7 59. Kxd2 1/2-1/2

[Event "EU-ch U14 Girls"]
[Site "Albena"]
[Date "2011.09.11"]
[Round "1"]
[White "Paramzina, Anastasya"]
[Black "Manukyan, Mariam A"]
[Result "1/2-1/2"]
[WhiteElo "1908"]
[BlackElo "1687"]
[PlyCount "127"]
[EventDate "2011.09.11"]
[EventType "swiss"]
[EventRounds "9"]
[EventCountry "BUL"]
[SourceTitle "CBM 144 Extra"]
[Source "ChessBase"]
[SourceDate "2011.10.28"]
[SourceVersion "1"]
[SourceVersionDate "2011.10.28"]
[SourceQuality "1"]

1. e4 e6 2. d4 d5 3. Nc3 Bb4 4. e5 b6 5. a3 Bxc3+ 6. bxc3 Qd7 7. Qg4 f5 8. Qh5+ Qf7 9. Qh3 Ba6 10. Bxa6 Nxa6 11. Qd3 Nb8 12. Nf3 h6 13. a4 Nc6 14. Ba3 Qd7 15. h4 Nge7 16. Ke2 Na5 17. Nd2 Kf7 18. h5 Rhc8 19. Rhb1 Nb7 20. Nb3 c5 21. dxc5 bxc5 22. Nd2 Rc7 23. Rb5 a6 24. Rxb7 Rxb7 25. Bxc5 Qc6 26. Bd4 Kg8 27. Ke1 Qe8 28. Qe2 Nc6 29. Bc5 a5 30. Nb3 Rab8 31. Ra3 Qf7 32. Bd6 Rc8 33. Ra1 Qe8 34. Kd2 Qd8 35. Nc5 Qg5+ 36. Qe3 f4 37. Qf3 Rb2 38. Kc1 Nxe5 39. Bxe5 Qxe5 40. Nd7 Qc7 41. Kxb2 Qxd7 42. Qxf4 Qb7+ 43. Kc1 Rxc3 44. Rb1 Qc6 45. Qd2 d4 46. Qxd4 Rxc2+ 47. Kd1 Rc4 48. Rb8+ Kh7 49. Qd3+ Qe4 50. Qxe4+ Rxe4 51. Rb5 Rxa4 52. Ke2 Kg8 53. Rb7 Re4+ 54. Kf3 Re5 55. g4 Rc5 56. Ra7 Rc3+ 57. Kg2 Rc5 58. f3 Rc2+ 59. Kg3 Ra2 60. Re7 a4 61. Rxe6 Kf7 62. Ra6 a3 63. f4 Ra1 64. Kh2 1/2-1/2